BRICS Members - Statistics

General Stats
  • This quiz has been taken 49 times
  • The average score is 5 of 5
Answer Stats
Letter Country % Correct
B Brazil
100%
I India
100%
R Russia
100%
C China
98%
S South Africa
93%
No matching quizzes found
Score Distribution
Percent of People with Each Score
Percentile by Number Answered
Your Score History
You have not taken this quiz